| 000 | 00545nam a2200145Ia 4500 | ||
|---|---|---|---|
| 008 | 170221s9999 xx 000 0 und d | ||
| 100 | _aSafaie Mangir | ||
| 245 | _aDeterminants of E-learning Acceptance among Agricultural Extension Agents in Malaysia: A Conceptual Framework | ||
| 245 | _cSafaie Mangir, Zakirah Othman, Zulkifli Mohamed Udin | ||
| 260 | _bInternational Review of Management and Marketing | ||
| 260 | _c2016 | ||
| 300 | _a6 : 8S | ||
| 650 | _xMarketing. | ||
| 856 | _uhttp://www.econjournals.com/index.php/irmm/issue/view/97 | ||
| 999 |
_c308174 _d308174 |
||